Languages available on Google Translate-updated - Statistics

General Stats
  • This quiz has been taken 47 times
  • The average score is 75 of 109
Answer Stats
Language % Correct
Chinese (Simplified)
96%
Chinese (Traditional)
96%
German
96%
Hungarian
96%
Italian
96%
Korean
96%
Portuguese
96%
Russian
96%
Swedish
96%
Ukrainian
96%
Dutch
93%
English
93%
Finnish
93%
French
93%
Japanese
93%
Norwegian (Bokmal)
93%
Spanish
93%
Albanian
89%
Arabic
89%
Czech
89%
Danish
89%
Greek
89%
Hindi
89%
Irish
89%
Serbian
89%
Slovak
89%
Urdu
89%
Croatian
85%
Hmong
85%
Indonesian
85%
Latvian
85%
Malay
85%
Polish
85%
Romanian
85%
Thai
85%
Turkish
85%
Vietnamese
85%
Belarusian
81%
Bulgarian
81%
Estonian
78%
Hebrew
78%
Lithuanian
78%
Persian
78%
Slovenian
78%
Swahili
78%
Armenian
74%
Bosnian
74%
Filipino (Tagalog)
74%
Georgian
74%
Icelandic
74%
Kazakh
74%
Nepali
74%
Punjabi
74%
Bengali
70%
Lao
70%
Latin
70%
Uzbek
70%
Afrikaans
67%
Azerbaijani
67%
Catalan
67%
Khmer
67%
Kyrgyz
67%
Somali
67%
Zulu
67%
Kannada
63%
Macedonian
63%
Maltese
63%
Pashto
63%
Scottish Gaelic
63%
Tajik
63%
Tamil
63%
Turkmen
63%
Luxembourgish
59%
Mongolian
59%
Myanmar (Burmese)
59%
Telugu
59%
Welsh
59%
Xhosa
59%
Amharic
56%
Galician
56%
Gujarati
56%
Marathi
56%
Sinhala
56%
Yiddish
56%
Javanese
52%
Yoruba
52%
Hausa
48%
Igbo
48%
Kurdish
48%
Basque
44%
Esperanto
44%
Hawaiian
44%
Malagasy
44%
Malayalam
44%
Maori
44%
Odia
44%
Samoan
41%
Sotho
41%
Tatar
41%
Haitian Creole
37%
Uyghur
33%
Cebuano
30%
Sindhi
30%
Chewa
26%
Frisian
26%
Shona
26%
Sundanese
26%
Corsican
22%
Kinyarwanda
22%
No matching quizzes found
Score Distribution
Percent of People with Each Score
Percentile by Number Answered
Your Score History
You have not taken this quiz